[Event "8th EUR-ch (w)"]
[Site "Dresden GER"]
[Date "2007.04.09"]
[Round "7"]
[White "Leite, Catarina"]
[Black "Wilson, Alexandra"]
[Result "1/2-1/2"]
[WhiteElo "2232"]
[BlackElo "2034"]
[EventDate "2007.04.03"]
[PlyCount "52"]

1.e4 e6 2.d3 d5 3.Nd2 c5 4.Ngf3 Nc6 5.g3 g6 6.Bg2 Bg7 7.O-O Nge7 8.c3 b6 
9.Re1 Qc7 10.Nf1 O-O 11.Qe2 dxe4 12.dxe4 Bb7 13.h4 h6 14.Ne3 Kh7 15.Ng4 f5
16.exf5 exf5 17.Bf4 Qc8 18.Ne3 Qe6 19.h5 Rad8 20.Rad1 Qf6 21.hxg6+ Nxg6 
22.Bc7 Rde8 23.Qc2 Nce7 24.Rd7 Be4 25.Qd2 Qc6 26.Nh4 Ng8 1/2-1/2

[Event "8th EUR-ch (w)"]
[Site "Dresden GER"]
[Date "2007.04.09"]
[Round "7"]
[White "Shmirina, Evgenija"]
[Black "Topel, Zehra"]
[Result "0-1"]
[WhiteElo "2112"]
[BlackElo "2224"]
[EventDate "2007.04.03"]
[PlyCount "74"]

1.d4 Nf6 2.Nc3 g6 3.e4 d6 4.f3 Bg7 5.Be3 O-O 6.Qd2 Nc6 7.O-O-O a6 8.Bh6 b5
9.h4 b4 10.Nce2 Rb8 11.h5 e5 12.g4 Qe8 13.d5 Na5 14.Ng3 Qe7 15.Nf5 Bxf5 
16.exf5 Bxh6 17.Qxh6 gxf5 18.Qg5+ Kh8 19.Qxf5 Nd7 20.Nh3 f6 21.Bd3 Nc5 22.
Nf2 b3 23.cxb3 Rb4 24.Be4 Rb6 25.Kb1 Rg8 26.f4 exf4 27.Rhe1 Rg5 28.Qxf4 
Re5 29.Rd4 c6 30.b4 cxd5 31.bxa5 Rb5 32.Red1 dxe4 33.Rxd6 Nd3 34.Nxd3 Qxd6
35.Nf2 Rxb2+ 36.Kxb2 Qb4+ 37.Ka1 Qc3+ 0-1

[Event "8th EUR-ch (w)"]
[Site "Dresden GER"]
[Date "2007.04.09"]
[Round "7"]
[White "Danelia, Mariam"]
[Black "Padurariu, Ioana-Smaranda"]
[Result "1-0"]
[WhiteElo "2056"]
[BlackElo "2223"]
[EventDate "2007.04.03"]
[PlyCount "87"]

1.d4 Nf6 2.c4 e6 3.Nc3 Bb4 4.Qc2 c5 5.dxc5 Nc6 6.Bg5 h6 7.Bh4 Bxc5 8.e3 b6
9.Nf3 Bb7 10.a3 Rc8 11.Be2 O-O 12.O-O Be7 13.Rfd1 Na5 14.Ne5 d5 15.b4 Nc6 
16.Nf3 Qe8 17.Qb3 g5 18.Bg3 g4 19.Ne1 dxc4 20.Bxc4 a6 21.Rac1 b5 22.Be2 
Rd8 23.Nd3 Rd7 24.Bh4 h5 25.Nf4 e5 26.Ng6 Kg7 27.Nxf8 Kxf8 28.Bxf6 Bxf6 
29.Rxd7 Qxd7 30.Rd1 Qc8 31.Ne4 Be7 32.Nd6 Bxd6 33.Rxd6 Ne7 34.a4 Qc7 35.
Rd1 Qc6 36.Bf1 bxa4 37.Qc4 Qf6 38.Qc7 Bd5 39.Qd8+ Kg7 40.Rxd5 Nxd5 41.Qxd5
Qe7 42.Qa5 f6 43.Qxa4 Qd6 44.Bxa6 1-0

[Event "8th EUR-ch (w)"]
[Site "Dresden GER"]
[Date "2007.04.09"]
[Round "7"]
[White "Vovinkina, Natalia"]
[Black "Norinkeviciute, Rasa"]
[Result "1-0"]
[WhiteElo "2202"]
[BlackElo "2048"]
[EventDate "2007.04.03"]
[PlyCount "155"]

1.d4 g6 2.e4 Bg7 3.Nc3 d6 4.Be3 a6 5.Qd2 Nd7 6.h4 h5 7.Nf3 b5 8.Ng5 Bb7 9.
Bd3 c5 10.e5 dxe5 11.dxc5 Ngf6 12.O-O O-O 13.f3 Qc7 14.b4 Nb8 15.a4 bxa4 
16.Rxa4 Rd8 17.Qe2 Nc6 18.Nge4 Nd4 19.Nxf6+ Bxf6 20.Qf2 Qd7 21.Rfa1 Nc6 
22.Be4 Bg7 23.Nd5 Rab8 24.Nb6 Qc7 25.Nd5 Qd7 26.c4 Nd4 27.Nb6 Qc7 28.Bxb7 
Rxb7 29.Rxa6 f5 30.Nd5 Rxd5 31.cxd5 Rxb4 32.d6 exd6 33.cxd6 Qd7 34.Qa2+ 
Kh7 35.Ra8 Ne6 36.Qd5 Rb5 37.Qd1 Nd4 38.R8a6 Rd5 39.Qa4 Rxd6 40.Ra7 Qxa4 
41.R1xa4 Ne6 42.Bg5 Kg8 43.Ra8+ Nf8 44.R4a7 Re6 45.Rb7 e4 46.Kf1 Kh8 47.
fxe4 fxe4 48.Ke2 Kg8 49.Ke3 Rd6 50.Re8 Rd3+ 51.Ke2 Rg3 52.Kf1 Rc3 53.Ree7 
Bd4 54.Rxe4 Bg7 55.Ree7 Bd4 56.Re8 Rc5 57.Ke2 Rf5 58.Bh6 Bh8 59.Kd3 Ba1 
60.Rc8 Rd5+ 61.Kc4 Rf5 62.g3 Rf1 63.Kd3 Rf3+ 64.Ke4 Rf5 65.Rb6 Re5+ 66.Kf3
Rf5+ 67.Kg2 Bg7 68.Rxg6 Kh7 69.Rg5 Rxg5 70.Bxg5 Ne6 71.Rc6 Nd4 72.Ra6 Nf5 
73.Kf3 Nd4+ 74.Ke4 Ne2 75.Bf4 Nc3+ 76.Kf5 Nd5 77.Kg5 Nf6 78.Rxf6 1-0

[Event "8th EUR-ch (w)"]
[Site "Dresden GER"]
[Date "2007.04.09"]
[Round "7"]
[White "Sokalskaya, Elena"]
[Black "Vasilkova, Svetlana"]
[Result "0-1"]
[WhiteElo "2147"]
[BlackElo "2346"]
[EventDate "2007.04.03"]
[PlyCount "86"]

1.d4 c5 2.Nf3 cxd4 3.Nxd4 d5 4.g3 Nf6 5.Bg2 e5 6.Nb3 Nc6 7.Bg5 Be6 8.O-O 
Be7 9.e3 O-O 10.Nc3 e4 11.Nd4 Nxd4 12.exd4 h6 13.Bf4 Ne8 14.Ne2 Nd6 15.c3 
Qd7 16.Bd2 Nc4 17.b3 Nxd2 18.Qxd2 f5 19.f4 b5 20.a4 a6 21.Rfe1 Rfb8 22.
axb5 Qxb5 23.Nc1 a5 24.Bf1 Qb6 25.Re3 Bf6 26.Kg2 Kh7 27.h3 g5 28.Kh2 Rg8 
29.Rb1 gxf4 30.gxf4 Bh4 31.Kh1 Qc7 32.Qh2 Bf7 33.Be2 Rg7 34.Na2 Rag8 35.b4
Bg3 36.Rxg3 Rxg3 37.Rf1 Re3 38.Rf2 Rgg3 39.Bf1 Bh5 40.bxa5 Bf3+ 41.Rxf3 
Rexf3 42.Bg2 Qxf4 43.Bxf3 Qxf3+ 0-1

[Event "8th EUR-ch (w)"]
[Site "Dresden GER"]
[Date "2007.04.09"]
[Round "7"]
[White "Fuchs, Judith"]
[Black "Ohme, Melanie"]
[Result "1/2-1/2"]
[WhiteElo "2132"]
[BlackElo "2225"]
[EventDate "2007.04.03"]
[PlyCount "32"]

1.d4 d5 2.c4 c6 3.cxd5 cxd5 4.Nc3 Nf6 5.Bf4 a6 6.e3 Bf5 7.Bd3 Bxd3 8.Qxd3 
e6 9.Nf3 Bd6 10.Bxd6 Qxd6 11.O-O Nc6 12.a3 O-O 13.Rfe1 Rac8 14.Rac1 b5 15.
b4 Rfd8 16.Rc2 Rc7 1/2-1/2

[Event "8th EUR-ch (w)"]
[Site "Dresden GER"]
[Date "2007.04.09"]
[Round "7"]
[White "Mader, Manuela"]
[Black "Steil-Antoni, Fiona"]
[Result "1-0"]
[WhiteElo "2223"]
[BlackElo "2018"]
[EventDate "2007.04.03"]
[PlyCount "63"]

1.e4 e5 2.Nf3 Nc6 3.Bb5 f5 4.d3 fxe4 5.dxe4 Nf6 6.O-O Bc5 7.Qd3 d6 8.Qc4 
Qe7 9.b4 Be6 10.Bxc6+ bxc6 11.Qa6 Bb6 12.a4 Nxe4 13.a5 Bxf2+ 14.Rxf2 Nxf2 
15.Qxc6+ Kf7 16.Kxf2 h6 17.Nc3 g5 18.Be3 Rhf8 19.Kg1 Kg7 20.Nb5 Rab8 21.
Qxc7 Qxc7 22.Nxc7 Bg4 23.b5 Rbc8 24.b6 Kh7 25.Rb1 axb6 26.axb6 Bf5 27.Rb2 
Be4 28.Nd2 Bb7 29.Nc4 Rfd8 30.Na5 Rb8 31.Nxb7 Rxb7 32.Ra2 1-0

[Event "8th EUR-ch (w)"]
[Site "Dresden GER"]
[Date "2007.04.09"]
[Round "7"]
[White "Von Herman, Brigitte"]
[Black "Pertlova, Sona"]
[Result "1/2-1/2"]
[WhiteElo "2070"]
[BlackElo "2171"]
[EventDate "2007.04.03"]
[PlyCount "120"]

1.e4 d5 2.exd5 Nf6 3.d4 Nxd5 4.Nf3 Bg4 5.Be2 e6 6.Ne5 Bxe2 7.Qxe2 Nd7 8.
O-O Bd6 9.c4 Nb4 10.a3 Bxe5 11.dxe5 Nc6 12.f4 Nd4 13.Qf2 Nb3 14.Ra2 Nb6 
15.c5 Nxc1 16.Rxc1 Nd5 17.b4 Qd7 18.Nd2 O-O 19.Ne4 Qb5 20.f5 Qd3 21.Re1 
Nc3 22.Nxc3 Qxc3 23.f6 Rfd8 24.Rae2 Qd4 25.Re3 g6 26.Qg3 h5 27.Qg5 Kh7 28.
h3 Rh8 29.Kh2 Rad8 30.Rf1 Qd2 31.Qg3 Kg8 32.h4 Kh7 33.Rff3 Rhe8 34.Rd3 Qe2
35.Rfe3 Qf1 36.Rf3 Qe2 37.Rfe3 Qc2 38.Qf3 Qc4 39.Kh3 Rd4 40.Rxd4 Qxd4 41.
Re4 Qd2 42.g4 Rd8 43.Re3 hxg4+ 44.Kxg4 Qd1 45.Qxd1 Rxd1 46.Kg5 Rg1+ 47.Kf4
Rd1 48.Kg5 Rd5 49.h5 gxh5 50.Kxh5 a5 51.Kg5 axb4 52.axb4 Rd4 53.Rh3+ Kg8 
54.Rh4 Rxh4 55.Kxh4 Kh7 56.Kh5 Kg8 57.Kh6 Kh8 58.Kg5 Kh7 59.Kh5 Kh8 60.Kh6
Kg8 1/2-1/2

[Event "8th EUR-ch (w)"]
[Site "Dresden GER"]
[Date "2007.04.09"]
[Round "7"]
[White "Coimbra, Margarida"]
[Black "Ozturk, Kubra"]
[Result "0-1"]
[WhiteElo "2067"]
[BlackElo "2150"]
[EventDate "2007.04.03"]
[PlyCount "72"]

1.e4 c5 2.Nc3 Nc6 3.g3 g6 4.Bg2 Bg7 5.d3 d6 6.Be3 Nf6 7.h3 Rb8 8.Qd2 Nd4 
9.Nce2 e5 10.c3 Nc6 11.f4 O-O 12.Nf3 Nh5 13.g4 exf4 14.Nxf4 Nxf4 15.Bxf4 
Ne5 16.O-O b5 17.Bh6 b4 18.Bxg7 Kxg7 19.cxb4 Rxb4 20.Qc3 Qf6 21.Nd2 Qe7 
22.Nc4 Ba6 23.b3 Bxc4 24.dxc4 a5 25.Rad1 f6 26.Rd2 a4 27.Rfd1 axb3 28.axb3
Rfb8 29.Rxd6 Rxb3 30.Qa5 Rb1 31.Qa6 Nxc4 32.Rd3 Ne3 33.Rxe3 Rxd1+ 34.Kh2 
Qe5+ 35.Rg3 Rb3 36.Qa7+ Kh6 0-1

[Event "8th EUR-ch (w)"]
[Site "Dresden GER"]
[Date "2007.04.09"]
[Round "7"]
[White "Kopinits, Anna-Christina"]
[Black "Sautter, Elke"]
[Result "1-0"]
[WhiteElo "2198"]
[BlackElo "2046"]
[EventDate "2007.04.03"]
[PlyCount "107"]

1.g3 e5 2.Bg2 Nc6 3.e4 d6 4.Nc3 Nf6 5.Nge2 Bd7 6.d4 a5 7.O-O Qc8 8.Nd5 Be7
9.Nxe7 Nxe7 10.dxe5 dxe5 11.Nc3 Bg4 12.Qd3 Qd7 13.f3 Be6 14.Be3 O-O-O 15.
Qe2 Kb8 16.Rfb1 h5 17.b4 a4 18.b5 a3 19.b6 cxb6 20.Rxb6 Nc8 21.Rb4 Qc6 22.
Na4 Nd6 23.Nc5 Bc4 24.Rxc4 Nxc4 25.Qxc4 Nd7 26.Nxd7+ Rxd7 27.Qb3 Rhd8 28.
Qxa3 Rd1+ 29.Rxd1 Rxd1+ 30.Bf1 Kc8 31.Qc5 Qxc5 32.Bxc5 Kd7 33.Bb4 Kc6 34.
a4 Ra1 35.a5 b6 36.axb6 Kxb6 37.c3 Kc6 38.Kf2 Ra2+ 39.Be2 g6 40.Ke3 Ra1 
41.f4 exf4+ 42.Kxf4 Ra2 43.Ke3 Ra1 44.Be7 Kd7 45.Bf6 Ke6 46.Bd4 Rh1 47.h4 
f6 48.Bc4+ Ke7 49.Bd5 Rf1 50.c4 g5 51.c5 gxh4 52.gxh4 Rh1 53.c6 Rxh4 54.
Bxf6+ 1-0

[Event "8th EUR-ch (w)"]
[Site "Dresden GER"]
[Date "2007.04.09"]
[Round "7"]
[White "Foisor, Mihaela-Veronica"]
[Black "Makka, Ioulia"]
[Result "0-1"]
[WhiteElo "1980"]
[BlackElo "2185"]
[EventDate "2007.04.03"]
[PlyCount "122"]

1.c4 e5 2.Nc3 Nc6 3.g3 g6 4.Bg2 Bg7 5.e3 d6 6.Nge2 Nge7 7.b3 O-O 8.Bb2 f5 
9.d3 a5 10.O-O Kh8 11.f4 Ng8 12.Qd2 Nf6 13.Rae1 exf4 14.Nxf4 Ne5 15.d4 Nf7
16.e4 g5 17.Nd3 fxe4 18.Nxe4 Nxe4 19.Rxe4 Kg8 20.d5 Bxb2 21.Qxb2 Nh6 22.
Rfe1 Bf5 23.Re7 Rf7 24.Rxf7 Nxf7 25.Qd4 Bxd3 26.Qxd3 Ne5 27.Qf5 Qe7 28.
Qe6+ Qxe6 29.dxe6 Rb8 30.Rf1 b6 31.h4 gxh4 32.gxh4 Rf8 33.Re1 Kg7 34.Re3 
Kf6 35.Bh3 Rg8+ 36.Kf2 Ke7 37.Rg3 Rxg3 38.Kxg3 Ng6 39.h5 Nf8 40.h6 Nxe6 
41.Bf5 Nf8 42.Kf4 Kf6 43.Bd3 Ng6+ 44.Ke4 Kg5 45.a3 Ne7 46.b4 axb4 47.axb4 
Kxh6 48.Kd4 Kg7 49.c5 bxc5+ 50.bxc5 dxc5+ 51.Kxc5 h5 52.Kd4 Kf6 53.Ke4 h4 
54.Kf4 Ng6+ 55.Ke3 Kg5 56.Be4 Ne7 57.Kf3 Nf5 58.Kg2 c5 59.Kh3 c4 60.Bc2 c3
61.Kh2 Ne3 0-1

[Event "8th EUR-ch (w)"]
[Site "Dresden GER"]
[Date "2007.04.09"]
[Round "7"]
[White "Brunello, Roberta"]
[Black "Bakalarz, Grazyna"]
[Result "1/2-1/2"]
[WhiteElo "1953"]
[BlackElo "2081"]
[EventDate "2007.04.03"]
[PlyCount "143"]

1.e4 g6 2.d4 Bg7 3.Be3 c6 4.Nc3 d5 5.Nf3 Bg4 6.e5 Nd7 7.h3 Bxf3 8.Qxf3 f6 
9.e6 Nf8 10.Bd3 Nxe6 11.g4 Qd6 12.h4 O-O-O 13.O-O-O f5 14.gxf5 Nxd4 15.
Bxd4 Bxd4 16.fxg6 Bxc3 17.Bf5+ Kc7 18.Qxc3 Nf6 19.Qg3 hxg6 20.Bxg6 Rdg8 
21.h5 e5 22.Rde1 Nd7 23.f3 Qf6 24.Ref1 Nf8 25.f4 Nxg6 26.hxg6 Rxh1 27.Rxh1
Qxf4+ 28.Qxf4 exf4 29.Rf1 Rxg6 30.Rxf4 Rg2 31.Rf7+ Kb6 32.Rd7 a5 33.b3 a4 
34.Kb2 a3+ 35.Kc3 Rh2 36.Rd8 Kc5 37.Ra8 d4+ 38.Kd3 Rh3+ 39.Kd2 Kb5 40.Rxa3
c5 41.Ra7 Kb6 42.Ra8 Rc3 43.Rd8 Kc7 44.Rd5 Kc6 45.Rd8 b5 46.Kc1 Rf3 47.Kd2
Rf5 48.Kd3 Kc7 49.Rg8 Re5 50.Rg6 Re3+ 51.Kd2 Re8 52.c3 dxc3+ 53.Kxc3 Re3+ 
54.Kc2 Re2+ 55.Kb1 Rd2 56.Rh6 Rg2 57.Rf6 Rh2 58.Rg6 b4 59.Rf6 Kd7 60.Ra6 
Re2 61.Kc1 Kc7 62.Kb1 Rd2 63.Rh6 Rd6 64.Rxd6 Kxd6 65.Kc2 Ke5 66.Kd3 Kd5 
67.Ke3 Ke5 68.Kd3 Kd5 69.Ke3 c4 70.bxc4+ Kxc4 71.Kd2 b3 72.axb3+ 1/2-1/2

[Event "8th EUR-ch (w)"]
[Site "Dresden GER"]
[Date "2007.04.09"]
[Round "7"]
[White "Nagel, Verena"]
[Black "Katte, Isabel"]
[Result "1-0"]
[WhiteElo "2079"]
[BlackElo "1947"]
[EventDate "2007.04.03"]
[PlyCount "81"]

1.d4 Nf6 2.Nf3 e6 3.Bf4 b6 4.Nbd2 Bb7 5.e3 c5 6.c3 Be7 7.Bd3 Nc6 8.Nc4 d6 
9.a4 cxd4 10.exd4 O-O 11.O-O Nd5 12.Bd2 f5 13.Re1 Bc8 14.Qb3 Kh8 15.Na3 g5
16.c4 Nc7 17.d5 g4 18.Bc3+ e5 19.Nd2 Nb8 20.a5 Nd7 21.f4 gxf3 22.Nxf3 Nc5 
23.Qd1 Bf6 24.Bc2 Qe8 25.Nb1 Bd7 26.b4 N5a6 27.Nbd2 Qg6 28.Ra3 Qg7 29.Nf1 
Rg8 30.Qd2 f4 31.Re2 Rae8 32.Bb2 Bg4 33.Bb1 bxa5 34.bxa5 Nc5 35.Qe1 e4 36.
Bxf6 Qxf6 37.Bxe4 Nxe4 38.Rxe4 Bxf3 39.Rxf3 Rxg2+ 40.Kxg2 Qg6+ 41.Ng3 1-0

[Event "8th EUR-ch (w)"]
[Site "Dresden GER"]
[Date "2007.04.09"]
[Round "7"]
[White "Klek, Hanna-Marie"]
[Black "Sokalska, Viktorija"]
[Result "1/2-1/2"]
[WhiteElo "1865"]
[BlackElo "2045"]
[EventDate "2007.04.03"]
[PlyCount "49"]

1.e4 c6 2.d4 d5 3.e5 Bf5 4.Be3 e6 5.Nf3 Qb6 6.Qc1 c5 7.c3 Nc6 8.Be2 cxd4 
9.Nxd4 Nxd4 10.Bxd4 Bc5 11.Bxc5 Qxc5 12.Nd2 Ne7 13.Nb3 Qc7 14.f4 O-O 15.
O-O Nc6 16.Qe3 f6 17.exf6 Rxf6 18.Rf2 Raf8 19.Raf1 Rh6 20.h3 Qe7 21.Bd3 
Bxd3 22.Qxd3 Rff6 23.Qe3 Qd6 24.Rf3 b6 25.R3f2 1/2-1/2

[Event "8th EUR-ch (w)"]
[Site "Dresden GER"]
[Date "2007.04.11"]
[Round "8"]
[White "Kosintseva, Tatiana"]
[Black "Korbut, Ekaterina"]
[Result "1/2-1/2"]
[WhiteElo "2459"]
[BlackElo "2429"]
[EventDate "2007.04.03"]
[PlyCount "252"]

1.e4 c5 2.Nf3 d6 3.d4 cxd4 4.Nxd4 Nf6 5.Nc3 a6 6.Be3 e6 7.g4 e5 8.Nf5 h5 
9.g5 Nxe4 10.Nxg7+ Bxg7 11.Nxe4 d5 12.Ng3 d4 13.Bd2 Qd5 14.c4 Qc6 15.Bd3 
Bg4 16.Qc2 Bf3 17.Be4 Bxe4 18.Qxe4 h4 19.Qxc6+ Nxc6 20.Ne4 O-O-O 21.O-O-O 
Bf8 22.Rhf1 h3 23.f4 Rh4 24.Nf6 Bd6 25.Rde1 exf4 26.Re4 Ne5 27.Ba5 Rdh8 
28.Rxd4 Bc5 29.Re4 Ng4 30.Nxg4 Rxg4 31.Bd2 Rxg5 32.Rexf4 Rg2 33.Rxf7 Bd6 
34.c5 Bxh2 35.c6 Be5 36.cxb7+ Kb8 37.Re7 Bd6 38.Ree1 h2 39.Rh1 Kxb7 40.
Ref1 Rhg8 41.Bc3 Kc6 42.Bd4 R8g5 43.Kb1 Rd5 44.Be3 Rd3 45.Bc1 Be5 46.Re1 
Rd5 47.a4 Bd6 48.Re6 Kd7 49.Rh6 Rd4 50.a5 Rd5 51.Be3 Rd3 52.Bc1 Kc7 53.
Rh7+ Kc6 54.Rh6 Kc5 55.Rh5+ Kb4 56.Rh4+ Kxa5 57.Rh5+ Kb4 58.Rh7 Be5 59.Re1
Rd5 60.Re4+ Kc5 61.Ka2 Kd6 62.Rh6+ Kd7 63.Rh7+ Rg7 64.Rxe5 Rxh7 65.Rxd5+ 
Kc6 66.Rd1 h1=Q 67.Rxh1 Rxh1 68.Bf4 Kb5 69.Be3 Kc4 70.Bd2 Rh3 71.Bc3 Rh5 
72.Ka3 Rh1 73.Ka2 Rf1 74.Bd2 Kd3 75.Bc3 Kc2 76.Bb4 Rf4 77.Ka3 Rf1 78.Ka2 
Rb1 79.Bc3 a5 80.Bd4 a4 81.Ka3 Kd3 82.Ka2 Rh1 83.Be5 Kc4 84.Bd6 Rh3 85.Be7
Rb3 86.Bd6 Kd3 87.Be5 Kc2 88.Bf6 Rb7 89.Be5 Kd3 90.Ka3 Kc4 91.Ka2 a3 92.
bxa3 Re7 93.Bd6 Re2+ 94.Kb1 Kb3 95.Kc1 Rc2+ 96.Kd1 Kc3 97.Bb4+ Kd3 98.Ke1 
Ra2 99.Kf1 Ke3 100.Bc5+ Ke4 101.Ke1 Rc2 102.Bb4 Kd3 103.Kd1 Rc4 104.Ke1 
Ke3 105.Bd2+ Kd3 106.Bb4 Rf4 107.Ba5 Rf6 108.Bb4 Rf5 109.Bd6 Ke3 110.Bb4 
Rd5 111.Bc3 Rd3 112.Bb4 Rd5 113.Bc3 Rh5 114.Bd2+ Kd3 115.Bb4 Rh2 116.Bc5 
Re2+ 117.Kd1 Rb2 118.Ke1 Re2+ 119.Kd1 Rh2 120.Ke1 Rc2 121.Bb4 Ke3 122.Kd1 
Re2 123.Bc5+ Kd3 124.Bb4 Rb2 125.Ke1 Re2+ 126.Kd1 Rb2 1/2-1/2

[Event "8th EUR-ch (w)"]
[Site "Dresden GER"]
[Date "2007.04.11"]
[Round "8"]
[White "Kosintseva, Nadezhda"]
[Black "Rajlich, Iweta"]
[Result "1-0"]
[WhiteElo "2475"]
[BlackElo "2408"]
[EventDate "2007.04.03"]
[PlyCount "87"]

1.e4 e6 2.d4 d5 3.Nd2 c5 4.Ngf3 Nc6 5.exd5 exd5 6.Bb5 Bd7 7.O-O cxd4 8.Nb3
Bd6 9.Bxc6 bxc6 10.Qxd4 Ne7 11.Bf4 Bxf4 12.Qxf4 O-O 13.Nc5 Bf5 14.Nd4 Be4 
15.Nxe4 dxe4 16.Qxe4 c5 17.Nf3 Ng6 18.Rfe1 Rb8 19.b3 Qf6 20.Rad1 Rb4 21.c4
Rb6 22.Qd5 Ra6 23.Rd2 Qb6 24.g3 Qb4 25.h4 Rf6 26.Re3 a5 27.Kg2 Rb8 28.Ne5 
Rf5 29.Rde2 h6 30.Nc6 Rxd5 31.Nxb4 Rd6 32.Re8+ Rxe8 33.Rxe8+ Kh7 34.Nd5 
Re6 35.Ra8 Ne5 36.Rxa5 g5 37.hxg5 hxg5 38.Rxc5 Nd3 39.Rc7 Kg7 40.Re7 Nc1 
41.Rxe6 fxe6 42.Nc3 Kf6 43.Kf3 Ke5 44.Ke3 1-0

[Event "8th EUR-ch (w)"]
[Site "Dresden GER"]
[Date "2007.04.11"]
[Round "8"]
[White "Hoang Thanh Trang"]
[Black "Bosboom-Lanchava, Tea"]
[Result "1-0"]
[WhiteElo "2472"]
[BlackElo "2383"]
[EventDate "2007.04.03"]
[PlyCount "129"]

1.d4 g6 2.e4 Bg7 3.Nc3 c6 4.f4 d5 5.e5 Nh6 6.Nf3 f6 7.Bd3 O-O 8.O-O Bg4 9.
Kh1 Nf5 10.Ne2 Qb6 11.c3 fxe5 12.Nxe5 Bxe2 13.Qxe2 c5 14.dxc5 Qxc5 15.g4 
Nd6 16.Be3 Qc7 17.Bd4 Nc6 18.Nxc6 Qxc6 19.Bxg7 Kxg7 20.Qxe7+ Kg8 21.Qe2 
Rae8 22.Qg2 Nc4 23.Bxc4 Qxc4 24.Rad1 Re4 25.f5 Qxa2 26.fxg6 hxg6 27.Rxf8+ 
Kxf8 28.Qf2+ Ke8 29.Qf6 Qa6 30.Qh8+ Ke7 31.Qg7+ Ke8 32.Qg8+ Ke7 33.Qxd5 
Qc6 34.Qxc6 bxc6 35.Ra1 Rxg4 36.Rxa7+ Ke6 37.Rg7 Kd5 38.h3 Rg5 39.Kh2 Ke4 
40.Rc7 Kf3 41.Rf7+ Ke3 42.h4 Rb5 43.b4 c5 44.bxc5 Rxc5 45.Kg3 Rf5 46.Re7+ 
Kd3 47.Rc7 Rf1 48.Rc6 Rg1+ 49.Kh2 Rg4 50.Kh3 Rg1 51.Rc8 Ke4 52.Rd8 Kf3 53.
Rd3+ Kf4 54.Kh2 Rc1 55.Rg3 Rc2+ 56.Kh3 Kf5 57.Rf3+ Ke4 58.Kg4 Ra2 59.c4 
Ke5 60.Rc3 Rg2+ 61.Kh3 Rg1 62.c5 g5 63.c6 Rh1+ 64.Kg2 Rxh4 65.c7 1-0

[Event "8th EUR-ch (w)"]
[Site "Dresden GER"]
[Date "2007.04.11"]
[Round "8"]
[White "Zawadzka, Jolanta"]
[Black "Lomineishvili, Maia"]
[Result "1/2-1/2"]
[WhiteElo "2348"]
[BlackElo "2399"]
[EventDate "2007.04.03"]
[PlyCount "124"]

1.e4 c5 2.Nf3 d6 3.d4 cxd4 4.Nxd4 Nf6 5.Nc3 g6 6.Be3 Bg7 7.f3 O-O 8.Qd2 
Nc6 9.O-O-O d5 10.exd5 Nxd5 11.Nxc6 bxc6 12.Bd4 e5 13.Bc5 Be6 14.Ne4 Re8 
15.h4 h6 16.g4 Qc7 17.h5 g5 18.Bc4 Red8 19.Qf2 Nf4 20.Bxe6 Nxe6 21.Bd6 Qa5
22.a3 Rd7 23.Bb4 Rxd1+ 24.Rxd1 Qb6 25.Bc5 Qb5 26.b3 Nxc5 27.Qxc5 Bf8 28.
Qxb5 Bxa3+ 29.Kb1 cxb5 30.Rd5 a6 31.c3 Bf8 32.Rxe5 Bg7 33.Rc5 Bf8 34.Rd5 
Rc8 35.Kc2 Bg7 36.Kd3 Kf8 37.c4 bxc4+ 38.bxc4 Rb8 39.c5 Rb3+ 40.Kc4 Rb1 
41.Rd7 a5 42.c6 Rc1+ 43.Kd5 Rd1+ 44.Kc5 Rc1+ 45.Kb6 Be5 46.Nc5 Rc3 47.c7 
Bxc7+ 48.Rxc7 Rxf3 49.Nd7+ Kg8 50.Kxa5 f5 51.Ne5 Rf4 52.Ng6 Rxg4 53.Ne7+ 
Kf7 54.Nxf5+ Ke6 55.Rc5 Rg1 56.Nxh6 g4 57.Rg5 g3 58.Rg6+ Kd7 59.Nf7 g2 60.
Ne5+ Ke7 61.Nf3 Rf1 62.Rxg2 Rxf3 1/2-1/2

[Event "8th EUR-ch (w)"]
[Site "Dresden GER"]
[Date "2007.04.11"]
[Round "8"]
[White "Muzicuk, Anna"]
[Black "Stepovaya, Tatiana"]
[Result "0-1"]
[WhiteElo "2474"]
[BlackElo "2375"]
[EventDate "2007.04.03"]
[PlyCount "134"]

1.e4 e6 2.d4 d5 3.Nd2 dxe4 4.Nxe4 Nd7 5.Nf3 Ngf6 6.Nxf6+ Nxf6 7.Be3 Nd5 8.
Bd2 c5 9.Ne5 a6 10.Qh5 Qc7 11.Bd3 cxd4 12.O-O-O Bd6 13.Rde1 Nf6 14.Qg5 O-O
15.h4 h6 16.Qg3 Nh5 17.Qh2 f5 18.f4 Nf6 19.Qg1 Bxe5 20.fxe5 Ng4 21.Qxd4 
Rd8 22.Qc4 Qxc4 23.Bxc4 b5 24.Ba5 Re8 25.Bb3 Bb7 26.Rhf1 g6 27.g3 Be4 28.
Bc7 Rac8 29.Bd6 Bd3 30.Rf4 Bc4 31.Bxc4 Rxc4 32.Rxc4 bxc4 33.Re2 Kf7 34.Kd2
Rc8 35.b4 cxb3 36.axb3 Rc6 37.c4 Nf6 38.c5 Ne4+ 39.Ke3 Nxg3 40.Rg2 g5 41.
hxg5 hxg5 42.Kf3 Ne4 43.b4 Kg6 44.Rh2 Rc8 45.Rc2 g4+ 46.Ke3 Rc6 47.Rh2 Nc3
48.Rh8 Nd5+ 49.Kf2 Kg5 50.Re8 f4 51.Rxe6 Rc8 52.Rf6 Nxf6 53.exf6 Kxf6 54.
Bxf4 a5 55.bxa5 Rxc5 56.Kg3 Kf5 57.Bd6 Rxa5 58.Bc7 Rd5 59.Kf2 Kg5 60.Kg2 
Rd2+ 61.Kg3 Rd3+ 62.Kg2 Kh4 63.Ba5 g3 64.Bb6 Kg4 65.Bc5 Rd2+ 66.Kg1 Kf3 
67.Kh1 Rd1+ 0-1

[Event "8th EUR-ch (w)"]
[Site "Dresden GER"]
[Date "2007.04.11"]
[Round "8"]
[White "Khurtsidze, Nino"]
[Black "Vozovic, Oksana"]
[Result "1-0"]
[WhiteElo "2469"]
[BlackElo "2356"]
[EventDate "2007.04.03"]
[PlyCount "101"]

1.d4 g6 2.c4 Bg7 3.Nf3 d6 4.Nc3 Bg4 5.e3 Bxf3 6.Qxf3 Nc6 7.d5 Ne5 8.Qd1 
Nf6 9.Be2 O-O 10.O-O c6 11.e4 Rc8 12.Qb3 Qc7 13.Be3 a6 14.Rac1 Qb8 15.h3 
Ned7 16.Qc2 cxd5 17.exd5 b5 18.cxb5 axb5 19.Qb3 b4 20.Na4 Qb7 21.Rxc8 Rxc8
22.Rd1 Ne4 23.a3 Ndc5 24.Nxc5 dxc5 25.Rc1 Nd6 26.Rxc5 Rb8 27.a4 Qd7 28.Bg4
f5 29.Bf3 Be5 30.Rc6 Qd8 31.Ba7 Rb7 32.Bc5 Kg7 33.Be2 Qa5 34.Be3 f4 35.Bd2
Nf5 36.Ra6 Qc5 37.Bb5 Nd4 38.Qxb4 Qxb4 39.Bxb4 Nxb5 40.axb5 Rxb5 41.Bxe7 
Rxd5 42.b4 Rd1+ 43.Kh2 f3+ 44.g3 Rd3 45.Ra7 Kg8 46.Bc5 g5 47.Re7 Rd5 48.
Re8+ Kg7 49.Rxe5 Rxe5 50.Bd4 Kf6 51.g4 1-0

[Event "8th EUR-ch (w)"]
[Site "Dresden GER"]
[Date "2007.04.11"]
[Round "8"]
[White "Ovod, Evgenia"]
[Black "Dzagnidze, Nana"]
[Result "1-0"]
[WhiteElo "2384"]
[BlackElo "2435"]
[EventDate "2007.04.03"]
[PlyCount "73"]

1.d4 Nf6 2.c4 e6 3.Nc3 Bb4 4.e3 c5 5.Ne2 cxd4 6.exd4 d5 7.c5 O-O 8.a3 Ba5 
9.b4 Bc7 10.g3 e5 11.Bg2 Nc6 12.O-O Bg4 13.f3 Be6 14.f4 e4 15.f5 Bd7 16.
Bg5 Ne7 17.Bh3 Qe8 18.Bxf6 gxf6 19.Nf4 Bxf4 20.Rxf4 Kh8 21.Qh5 Rg8 22.Qh6 
Rg7 23.Qxf6 Ng8 24.Qe5 Rd8 25.Nxd5 Qxe5 26.dxe5 Bxf5 27.Bxf5 Rxd5 28.Bxe4 
Rd7 29.Raf1 Nh6 30.Rf6 Ng8 31.Rd6 Re7 32.Bd5 h6 33.e6 fxe6 34.Bxe6 Rg5 35.
Rf8 Kh7 36.Bxg8+ Rxg8 37.Rxh6+ 1-0

[Event "8th EUR-ch (w)"]
[Site "Dresden GER"]
[Date "2007.04.11"]
[Round "8"]
[White "Kachiani-Gersinska, Ketino"]
[Black "Pogonina, Natalia"]
[Result "1/2-1/2"]
[WhiteElo "2375"]
[BlackElo "2419"]
[EventDate "2007.04.03"]
[PlyCount "55"]

1.c4 c5 2.Nf3 Nc6 3.d4 cxd4 4.Nxd4 Nf6 5.Nc3 g6 6.Nc2 Bg7 7.e4 d6 8.Be2 
O-O 9.O-O Bd7 10.Be3 Qa5 11.Rb1 Rfc8 12.f3 Ne5 13.Na3 a6 14.Qe1 Be6 15.Nd5
Qxe1 16.Rfxe1 Nxd5 17.cxd5 Bd7 18.f4 Ng4 19.Bb6 Nf6 20.Bf3 Be8 21.Bd4 Nd7 
22.Bxg7 Kxg7 23.e5 Nb6 24.Rbc1 Bd7 25.g4 Rxc1 26.Rxc1 Rc8 27.Rxc8 Bxc8 28.
exd6 1/2-1/2

[Event "8th EUR-ch (w)"]
[Site "Dresden GER"]
[Date "2007.04.11"]
[Round "8"]
[White "Muhren, Bianca"]
[Black "Foisor, Cristina"]
[Result "1/2-1/2"]
[WhiteElo "2311"]
[BlackElo "2384"]
[EventDate "2007.04.03"]
[PlyCount "126"]

1.e4 c6 2.d4 g6 3.Nc3 d5 4.Nf3 Bg7 5.h3 Nf6 6.e5 Ne4 7.Nxe4 dxe4 8.Ng5 c5 
9.d5 Bxe5 10.Nxe4 Nd7 11.c3 Bg7 12.Bb5 O-O 13.O-O Qb6 14.Qb3 Nf6 15.Nxf6+ 
Bxf6 16.Bf4 Rd8 17.Rad1 Bd7 18.Bc4 Qxb3 19.Bxb3 Rac8 20.Bc2 c4 21.Be3 b6 
22.Rfe1 Bb5 23.Be4 Rd7 24.Bd4 Bxd4 25.Rxd4 a5 26.f4 Ba6 27.Bf3 Rcd8 28.b3 
cxb3 29.axb3 Kf8 30.Kf2 Rc7 31.Re3 Rd6 32.Ke1 Bb7 33.Red3 h5 34.Kf2 h4 35.
g3 hxg3+ 36.Kxg3 Kg7 37.h4 Rc5 38.Kf2 Kf6 39.c4 Ba6 40.Rd1 b5 41.Ra1 bxc4 
42.bxc4 Rb6 43.h5 gxh5 44.Bxh5 Bxc4 45.Rc1 Rb4 46.Bf3 a4 47.Rc3 Bb3 48.
Rxc5 Rxd4 49.Ke3 Rc4 50.Ra5 Rc3+ 51.Kf2 Rc7 52.Be4 Rd7 53.Ke3 Rd6 54.Ra7 
e6 55.dxe6 Rxe6 56.Kd4 Rd6+ 57.Ke3 Rb6 58.Ra5 Rb4 59.Ra6+ Kg7 60.Bc6 Bc2 
61.Kd2 Rxf4 62.Kxc2 Rf6 63.Bb5 Rxa6 1/2-1/2

[Event "8th EUR-ch (w)"]
[Site "Dresden GER"]
[Date "2007.04.11"]
[Round "8"]
[White "Michna, Marta"]
[Black "Socko, Monika"]
[Result "0-1"]
[WhiteElo "2355"]
[BlackElo "2481"]
[EventDate "2007.04.03"]
[PlyCount "96"]

1.d4 Nf6 2.Bg5 e6 3.e4 h6 4.Bxf6 Qxf6 5.c3 d6 6.Nd2 Nd7 7.Bd3 g6 8.Ne2 Bg7
9.O-O O-O 10.f4 Qe7 11.e5 b6 12.Ng3 Bb7 13.Qg4 Rad8 14.f5 dxe5 15.fxg6 f5 
16.Qe2 Kh8 17.Nh5 Qg5 18.Nxg7 Kxg7 19.Bc4 Rf6 20.Nf3 Bxf3 21.Rxf3 Rxg6 22.
dxe5 Nc5 23.Rg3 Qd2 24.Rxg6+ Kxg6 25.Re1 Qxe2 26.Rxe2 f4 27.g3 fxg3 28.
hxg3 Kf5 29.b4 Ne4 30.Bxe6+ Kxe5 31.Bb3 Rd3 32.Kh2 c5 33.bxc5 bxc5 34.Bc2 
Rd2 35.Rxd2 Nxd2 36.Bd3 Ne4 37.c4 Kd4 38.Bc2 Nd2 39.Kh3 Nxc4 40.Kh4 Ne3 
41.Bg6 c4 42.Kh5 Nf1 43.g4 Ne3 44.Bf5 Nxf5 45.gxf5 c3 46.f6 c2 47.f7 c1=Q 
48.f8=Q Qg5# 0-1